[Event "NWC June op"]
[Site "Seattle"]
[Date "1989.??.??"]
[Round "?"]
[White "Donaldson, John W"]
[Black "O'Donnell, Tom"]
[Result "0-1"]
[WhiteElo "2395"]
[BlackElo "2395"]
[PlyCount "46"]
[GameId "1166636562153472"]
[EventDate "1989.06.??"]
[EventType "swiss"]
[EventRounds "5"]
[EventCountry "USA"]
[SourceTitle "EXT 2004"]
[Source "ChessBase"]
[SourceDate "2003.11.25"]
[SourceVersion "1"]
[SourceVersionDate "2003.11.25"]
[SourceQuality "1"]

1. d4 d5 2. c4 c6 3. Nf3 e6 4. Nc3 Nf6 5. e3 Nbd7 6. Bd3 dxc4 7. Bxc4 b5 8. Bd3 a6 9. e4 c5 10. e5 cxd4 11. Nxb5 Ng4 12. Qa4 Rb8 13. Nd6+ Bxd6 14. exd6 Qb6 15. Qxd4 Nde5 16. Qxb6 Nxd3+ 17. Ke2 Rxb6 18. Kxd3 Nxf2+ 19. Ke2 Nxh1 20. Be3 Rxb2+ 21. Nd2 Bb7 22. Rxh1 Kd7 23. Kd3 Bd5 0-1

[Event "Hungaroil"]
[Site "Siofok"]
[Date "1990.??.??"]
[Round "1"]
[White "O'Donnell, Tom"]
[Black "Petrosian, Arshak B"]
[Result "1/2-1/2"]
[WhiteElo "2415"]
[BlackElo "2500"]
[PlyCount "59"]
[GameId "1166636690075648"]
[EventDate "1990.??.??"]
[EventType "tourn"]
[EventRounds "11"]
[EventCountry "HUN"]
[EventCategory "9"]
[SourceTitle "CBM 020 Extra"]
[Source "ChessBase"]
[SourceDate "1991.03.01"]
[SourceVersion "1"]
[SourceVersionDate "1991.03.01"]
[SourceQuality "1"]

1. e4 c5 2. Nf3 d6 3. d4 cxd4 4. Nxd4 Nf6 5. Nc3 a6 6. f4 e5 7. Nf3 Nbd7 8. a4 Qc7 9. Bd3 Be7 10. O-O exf4 11. Bxf4 O-O 12. Kh1 Ne5 13. Nxe5 dxe5 14. Bg5 Be6 15. Bxf6 Bxf6 16. Nd5 Bxd5 17. exd5 Be7 18. a5 Rad8 19. Qe1 g6 20. c4 f5 21. b4 e4 22. Be2 Qe5 23. Rd1 Kg7 24. Qd2 e3 25. Qa2 Bxb4 26. Rb1 Bd6 27. Rxb7+ Kh6 28. g3 f4 29. Qb2 Qxb2 30. Rxb2 1/2-1/2

[Event "West Seattle"]
[Site "Seattle"]
[Date "1990.??.??"]
[Round "1"]
[White "O'Donnell, Tom"]
[Black "Dubisch, Ralph"]
[Result "1/2-1/2"]
[WhiteElo "2410"]
[BlackElo "2270"]
[PlyCount "100"]
[GameId "1166636756627456"]
[EventDate "1990.??.??"]
[EventType "tourn"]
[EventRounds "9"]
[EventCountry "USA"]
[EventCategory "4"]
[SourceTitle "EXT 2003"]
[Source "ChessBase"]
[SourceDate "2002.11.25"]
[SourceVersion "1"]
[SourceVersionDate "2002.11.25"]
[SourceQuality "1"]

1. e4 c5 2. Nf3 e6 3. d4 cxd4 4. Nxd4 a6 5. Bd3 Nc6 6. Nxc6 bxc6 7. O-O d5 8. Nc3 Nf6 9. Re1 Be7 10. e5 Nd7 11. Qg4 g6 12. Bh6 Rb8 13. Qh3 Rb4 14. f4 Rg8 15. b3 Nc5 16. Kh1 Nxd3 17. Qxd3 c5 18. Ne2 Bb7 19. Ng1 Qa5 20. c3 Re4 21. Rxe4 dxe4 22. Qd2 Qd8 23. Qxd8+ Kxd8 24. Nh3 f6 25. exf6 Bxf6 26. Bg5 Ke7 27. Rd1 e3 28. Kg1 h6 29. Bxh6 Bxc3 30. Bg5+ Bf6 31. Kf1 e2+ 32. Kxe2 Bxg2 33. Nf2 Bxg5 34. fxg5 Bd5 35. Ng4 Rh8 36. Nh6 Rf8 37. Rf1 Rxf1 38. Kxf1 a5 39. Ke1 c4 40. bxc4 Bxc4 41. a3 e5 42. Ng4 Kd6 43. Kd2 Be6 44. Nf6 Kc5 45. Kc3 Bf5 46. h4 e4 47. h5 gxh5 48. Nxh5 e3 49. Nf4 Kb5 50. g6 Bxg6 1/2-1/2

[Event "West Seattle"]
[Site "Seattle"]
[Date "1990.??.??"]
[Round "2"]
[White "Donaldson Akhmilovskaya, Elena"]
[Black "O'Donnell, Tom"]
[Result "1-0"]
[WhiteElo "2430"]
[BlackElo "2410"]
[PlyCount "81"]
[GameId "1166636756647936"]
[EventDate "1990.??.??"]
[EventType "tourn"]
[EventRounds "9"]
[EventCountry "USA"]
[EventCategory "4"]
[SourceTitle "EXT 2003"]
[Source "ChessBase"]
[SourceDate "2002.11.25"]
[SourceVersion "1"]
[SourceVersionDate "2002.11.25"]
[SourceQuality "1"]

1. d4 d5 2. c4 e6 3. g3 Nf6 4. Bg2 Be7 5. Nf3 O-O 6. O-O c6 7. Qc2 b6 8. Nbd2 Bb7 9. e4 Nbd7 10. e5 Ne8 11. b3 Rc8 12. Bb2 c5 13. dxc5 Nxc5 14. Rfd1 Nc7 15. Rac1 Qe8 16. Qb1 dxc4 17. Nxc4 Be4 18. Qa1 Nd5 19. Nd6 Bxd6 20. exd6 f6 21. Rd4 e5 22. Rxe4 Nxe4 23. Nd2 Nxd2 24. Bxd5+ Kh8 25. Rd1 Rc2 26. Bc3 Qb5 27. Rxd2 Rxd2 28. Bc4 Qc5 29. Bxd2 Qxd6 30. Be3 f5 31. f4 exf4 32. Bxf4 Qc5+ 33. Kg2 b5 34. Be2 Re8 35. Qd1 a6 36. Bf3 Rc8 37. Qd7 Qc2+ 38. Kh3 Rg8 39. Be5 h6 40. Bd5 Qf2 41. Bxg8 1-0

[Event "West Seattle"]
[Site "Seattle"]
[Date "1990.??.??"]
[Round "3"]
[White "O'Donnell, Tom"]
[Black "Piasetski, Leon"]
[Result "1/2-1/2"]
[WhiteElo "2410"]
[BlackElo "2415"]
[PlyCount "80"]
[GameId "1166636756672512"]
[EventDate "1990.??.??"]
[EventType "tourn"]
[EventRounds "9"]
[EventCountry "USA"]
[EventCategory "4"]
[SourceTitle "EXT 2003"]
[Source "ChessBase"]
[SourceDate "2002.11.25"]
[SourceVersion "1"]
[SourceVersionDate "2002.11.25"]
[SourceQuality "1"]

1. e4 c5 2. Nf3 Nc6 3. d4 cxd4 4. Nxd4 e5 5. Nb5 d6 6. c4 Be7 7. N1c3 a6 8. Na3 Be6 9. Be2 Bg5 10. Bxg5 Qxg5 11. O-O Rd8 12. Nd5 Bxd5 13. cxd5 Nd4 14. Nc2 Nxc2 15. Qxc2 Nf6 16. Qb3 Rd7 17. Rac1 O-O 18. Rc4 g6 19. a4 Ne8 20. Qc3 Re7 21. Qc1 Qh4 22. Qe3 Qf4 23. Qxf4 exf4 24. Bd3 Nf6 25. f3 Nd7 26. Rc7 Rfe8 27. Rxb7 Nc5 28. Rxe7 Rxe7 29. Bc2 Rb7 30. b3 Kg7 31. g3 g5 32. gxf4 gxf4 33. Kf2 Kf6 34. Rg1 Nxb3 35. e5+ Kxe5 36. Rg5+ Kd4 37. Rf5 Nc5 38. Rxf4+ Ke5 39. Rf5+ Kd4 40. Rf4+ Ke5 1/2-1/2

[Event "West Seattle"]
[Site "Seattle"]
[Date "1990.??.??"]
[Round "4"]
[White "Harmon, Clark R"]
[Black "O'Donnell, Tom"]
[Result "1-0"]
[WhiteElo "2240"]
[BlackElo "2410"]
[PlyCount "81"]
[GameId "1166636756684800"]
[EventDate "1990.??.??"]
[EventType "tourn"]
[EventRounds "9"]
[EventCountry "USA"]
[EventCategory "4"]
[SourceTitle "EXT 2003"]
[Source "ChessBase"]
[SourceDate "2002.11.25"]
[SourceVersion "1"]
[SourceVersionDate "2002.11.25"]
[SourceQuality "1"]

1. d4 d5 2. c4 e6 3. Nc3 c6 4. cxd5 exd5 5. Nf3 Bf5 6. g3 Bd6 7. Bg2 Nf6 8. O-O O-O 9. Nh4 Bd7 10. f3 c5 11. dxc5 Bxc5+ 12. Kh1 d4 13. Na4 Bxa4 14. Qxa4 Nc6 15. Bg5 h6 16. Bd2 Re8 17. Rfe1 Bb6 18. Rad1 Qc8 19. g4 Qe6 20. Nf5 Nd5 21. Qb3 Rad8 22. f4 h5 23. h3 hxg4 24. hxg4 Nf6 25. Qg3 Ne4 26. Bxe4 Qxe4+ 27. Qf3 Qc2 28. Qb3 Qxb3 29. axb3 Na5 30. Bb4 g6 31. Nxd4 Re4 32. e3 Nxb3 33. Nc2 Rc8 34. Bc3 Na5 35. Re2 Rc6 36. Nb4 f6 37. Nxc6 Nxc6 38. Rd7 Rxe3 39. Rxe3 Bxe3 40. Bxf6 Bxf4 41. Rxb7 1-0

[Event "West Seattle"]
[Site "Seattle"]
[Date "1990.??.??"]
[Round "6"]
[White "O'Donnell, Tom"]
[Black "Pupols, Viktors"]
[Result "1-0"]
[WhiteElo "2410"]
[BlackElo "2210"]
[PlyCount "79"]
[GameId "1166636756721664"]
[EventDate "1990.??.??"]
[EventType "tourn"]
[EventRounds "9"]
[EventCountry "USA"]
[EventCategory "4"]
[SourceTitle "EXT 2003"]
[Source "ChessBase"]
[SourceDate "2002.11.25"]
[SourceVersion "1"]
[SourceVersionDate "2002.11.25"]
[SourceQuality "1"]

1. e4 e6 2. d4 d5 3. Nd2 Nf6 4. e5 Nfd7 5. f4 c5 6. c3 Nc6 7. Ndf3 Qb6 8. g3 cxd4 9. cxd4 Be7 10. Kf2 f5 11. Kg2 a5 12. h3 Ndb8 13. g4 Na6 14. Bxa6 Rxa6 15. Ne2 O-O 16. gxf5 exf5 17. Nc3 Be6 18. a3 Bf7 19. Rb1 Nd8 20. Kh2 Kh8 21. Rg1 Qc6 22. Qd3 Bh5 23. Bd2 Ne6 24. Rbf1 Rb6 25. Bc1 g6 26. Rg2 Rc8 27. Rc2 Bxf3 28. Rxf3 Rb3 29. Qd1 Nxd4 30. Qxd4 Bc5 31. Qd1 d4 32. Rcf2 dxc3 33. Qxb3 Bxf2 34. Rxf2 c2 35. Qd3 b5 36. Re2 Qc7 37. e6 Kg7 38. Qxb5 Rb8 39. e7 Rxb5 40. e8=N+ 1-0

[Event "Olympiad-29"]
[Site "Novi Sad"]
[Date "1990.11.17"]
[Round "1"]
[White "O'Donnell, Tom"]
[Black "Hurelbaatar, Chultemjamc"]
[Result "0-1"]
[WhiteElo "2415"]
[BlackElo "2310"]
[PlyCount "172"]
[GameId "1195622190571520"]
[EventDate "1990.11.17"]
[EventType "team-swiss"]
[EventRounds "14"]
[EventCountry "YUG"]
[SourceTitle "EXT 2019"]
[Source "ChessBase"]
[SourceDate "2018.10.10"]
[SourceVersion "1"]
[SourceVersionDate "2018.10.10"]
[SourceQuality "1"]
[WhiteTeam "Canada"]
[BlackTeam "Mongolia"]
[WhiteTeamCountry "CAN"]
[BlackTeamCountry "MGL"]

1. e4 e5 2. Nf3 Nc6 3. Bb5 a6 4. Bxc6 dxc6 5. O-O Qd6 6. d4 exd4 7. Nxd4 c5 8. Nb3 Qxd1 9. Rxd1 Nf6 10. Bf4 Be6 11. Nc3 Rc8 12. Rd2 b6 13. Rad1 Be7 14. e5 Nd7 15. Nd5 Bd8 16. Bg3 g5 17. Nc1 h5 18. h3 h4 19. Bh2 c6 20. Nc3 Bc7 21. Ne4 Nxe5 22. Nxg5 Nc4 23. Re2 Bxh2+ 24. Kxh2 Nxb2 25. Rde1 Rh6 26. f4 Kf8 27. Nxe6+ Rxe6 28. Rxe6 fxe6 29. Rxe6 c4 30. Rh6 Kg7 31. Rxh4 Re8 32. Rg4+ Kf6 33. a3 a5 34. h4 Kf5 35. Rg7 Kxf4 36. h5 Rh8 37. g4 Nd1 38. Kh3 Ne3 39. Ne2+ Kf3 40. Nd4+ Ke4 41. Nxc6 Nxc2 42. Rb7 c3 43. Rxb6 Rh6 44. g5 Rxh5+ 45. Kg4 Ne3+ 46. Kxh5 c2 47. Ne7 c1=Q 48. Re6+ Kf3 49. g6 Qc5+ 50. Kh6 Ng4+ 51. Kh7 Qh5+ 52. Kg8 Kf4 53. Kf7 Ne5+ 54. Kg8 Nxg6 55. Nxg6+ Kg3 56. Kg7 Qc5 57. a4 Qd4+ 58. Ne5 Qxa4 59. Rg6+ Kf2 60. Kf6 Qe8 61. Rg4 a4 62. Nc4 a3 63. Nxa3 Qf8+ 64. Ke5 Qxa3 65. Rf4+ Kg3 66. Rc4 Qe3+ 67. Kd5 Kf3 68. Rd4 Qb3+ 69. Ke5 Qb2 70. Kd5 Qb5+ 71. Kd6 Ke3 72. Rd5 Qb4+ 73. Ke6 Qc4 74. Kd6 Ke4 75. Re5+ Kd4 76. Rg5 Qa6+ 77. Ke7 Ke4 78. Rh5 Qc6 79. Rh4+ Kf5 80. Rh3 Qc7+ 81. Ke8 Kg6 82. Rd3 Qc6+ 83. Kd8 Kf6 84. Rd7 Qc5 85. Rh7 Qa5+ 86. Rc7 Ke6 0-1

[Event "Olympiad-29"]
[Site "Novi Sad"]
[Date "1990.11.20"]
[Round "4"]
[White "O'Donnell, Tom"]
[Black "Ferreira, Nelson"]
[Result "1/2-1/2"]
[WhiteElo "2415"]
[BlackElo "2385"]
[PlyCount "93"]
[GameId "1195622195974144"]
[EventDate "1990.11.17"]
[EventType "team-swiss"]
[EventRounds "14"]
[EventCountry "YUG"]
[SourceTitle "EXT 2019"]
[Source "ChessBase"]
[SourceDate "2018.10.10"]
[SourceVersion "1"]
[SourceVersionDate "2018.10.10"]
[SourceQuality "1"]
[WhiteTeam "Canada"]
[BlackTeam "Angola"]
[WhiteTeamCountry "CAN"]
[BlackTeamCountry "ANG"]

1. e4 e5 2. Nf3 Nc6 3. Bb5 a6 4. Bxc6 dxc6 5. O-O Bg4 6. h3 Bxf3 7. Qxf3 Nf6 8. d3 Qd7 9. Nd2 O-O-O 10. Nc4 Qe6 11. Bd2 Rg8 12. Rad1 Nd7 13. Qg4 Qxg4 14. hxg4 f6 15. g3 Bd6 16. g5 fxg5 17. Bxg5 Rde8 18. Kg2 Rgf8 19. Rh1 h6 20. Bd2 Bc5 21. Rde1 b5 22. Na5 Rf6 23. Nb3 Bd6 24. Be3 c5 25. Nd2 Ref8 26. Rh5 R8f7 27. g4 Nf8 28. Rf5 Ne6 29. Nf3 Nd4 30. Bxd4 cxd4 31. Rh1 Kd7 32. c3 c5 33. b4 Rxf5 34. exf5 Re7 35. bxc5 Bxc5 36. cxd4 exd4 37. Nd2 Re2 38. Ne4 Be7 39. f6 gxf6 40. Rxh6 Rxa2 41. Nxf6+ Bxf6 42. Rxf6 Ke7 43. Rb6 Ra3 44. Kf3 Rxd3+ 45. Ke4 Ra3 46. Kxd4 Ra4+ 47. Ke5 1/2-1/2

[Event "Olympiad-29"]
[Site "Novi Sad"]
[Date "1990.11.21"]
[Round "5"]
[White "Wessman, Richard"]
[Black "O'Donnell, Tom"]
[Result "1-0"]
[WhiteElo "2500"]
[BlackElo "2415"]
[PlyCount "74"]
[GameId "1195622197760000"]
[EventDate "1990.11.17"]
[EventType "team-swiss"]
[EventRounds "14"]
[EventCountry "YUG"]
[SourceTitle "EXT 2019"]
[Source "ChessBase"]
[SourceDate "2018.10.10"]
[SourceVersion "1"]
[SourceVersionDate "2018.10.10"]
[SourceQuality "1"]
[WhiteTeam "Sweden"]
[BlackTeam "Canada"]
[WhiteTeamCountry "SWE"]
[BlackTeamCountry "CAN"]

1. d4 d5 2. c4 e6 3. cxd5 exd5 4. Nc3 c6 5. Qc2 g6 6. Bf4 Nf6 7. e3 Bf5 8. Qd2 Be7 9. f3 O-O 10. g4 Be6 11. Bd3 c5 12. Nge2 Nc6 13. Kf1 Nd7 14. Rc1 a6 15. Kg2 Re8 16. Qe1 Bf6 17. Qf2 cxd4 18. exd4 Qb6 19. Be3 Qxb2 20. Rb1 Qa3 21. Rxb7 Reb8 22. Rhb1 Rxb7 23. Rxb7 Rb8 24. Rxb8+ Ndxb8 25. h3 Be7 26. f4 f5 27. gxf5 gxf5 28. Qf3 Bb4 29. Qh5 Bxc3 30. Qe8+ Kg7 31. Qxe6 Bd2 32. Qxf5 Bxe3 33. Qxh7+ Kf6 34. f5 Qd6 35. Ng3 Nxd4 36. Nh5+ Ke5 37. f6 Qe6 1-0

[Event "Olympiad-29"]
[Site "Novi Sad"]
[Date "1990.11.23"]
[Round "6"]
[White "Sunthornpongsathorn, Veraphol"]
[Black "O'Donnell, Tom"]
[Result "1/2-1/2"]
[WhiteElo "2320"]
[BlackElo "2415"]
[PlyCount "69"]
[GameId "1195622199930880"]
[EventDate "1990.11.17"]
[EventType "team-swiss"]
[EventRounds "14"]
[EventCountry "YUG"]
[SourceTitle "EXT 2019"]
[Source "ChessBase"]
[SourceDate "2018.10.10"]
[SourceVersion "1"]
[SourceVersionDate "2018.10.10"]
[SourceQuality "1"]
[WhiteTeam "Thailand"]
[BlackTeam "Canada"]
[WhiteTeamCountry "THA"]
[BlackTeamCountry "CAN"]

1. d4 d5 2. c4 e6 3. Nc3 c6 4. cxd5 exd5 5. Nf3 Bf5 6. Bg5 Be7 7. Bxe7 Nxe7 8. e3 O-O 9. Bd3 Nd7 10. O-O a5 11. Rc1 Re8 12. Na4 Qc7 13. Nc5 Nf6 14. Bxf5 Nxf5 15. Ne5 Re7 16. Qf3 Nd6 17. Rc2 Nfe4 18. Qf4 Nxc5 19. Rxc5 Ne4 20. Rc2 a4 21. Nd3 Qb6 22. f3 Nf6 23. Re1 h6 24. Qd6 Rae8 25. Ne5 Nh7 26. Kf2 Nf8 27. Qa3 Qa7 28. Qb4 Ne6 29. f4 Rc7 30. Rec1 Rec8 31. Nd3 b6 32. Qd6 Qb7 33. h4 Nf8 34. Qb4 Qa7 35. Qd6 1/2-1/2

[Event "Olympiad-29"]
[Site "Novi Sad"]
[Date "1990.11.24"]
[Round "7"]
[White "Urday Caceres, Henry"]
[Black "O'Donnell, Tom"]
[Result "1/2-1/2"]
[WhiteElo "2430"]
[BlackElo "2415"]
[PlyCount "88"]
[GameId "1195622201643008"]
[EventDate "1990.11.17"]
[EventType "team-swiss"]
[EventRounds "14"]
[EventCountry "YUG"]
[SourceTitle "EXT 2019"]
[Source "ChessBase"]
[SourceDate "2018.10.10"]
[SourceVersion "1"]
[SourceVersionDate "2018.10.10"]
[SourceQuality "1"]
[WhiteTeam "Peru"]
[BlackTeam "Canada"]
[WhiteTeamCountry "PER"]
[BlackTeamCountry "CAN"]

1. d4 d5 2. Nf3 e6 3. e3 Nf6 4. b3 b6 5. Bb2 Be7 6. Bd3 Bb7 7. O-O Nbd7 8. Nbd2 O-O 9. c4 c5 10. Qe2 Rc8 11. Rac1 Rc7 12. cxd5 Nxd5 13. Bb1 cxd4 14. Nxd4 Rxc1 15. Rxc1 Qa8 16. Qg4 N7f6 17. Qh3 Rc8 18. Nc4 Nc7 19. Ne5 Nce8 20. Rd1 Be4 21. Nxe6 Bxb1 22. Rxb1 Qe4 23. Rf1 Rc2 24. Ng5 Qd5 25. Bd4 Nd6 26. Ra1 h6 27. Ngf3 Nde4 28. Nd3 Qa5 29. a4 Qa6 30. Nfe1 Rd2 31. f3 Nc5 32. Nxc5 Bxc5 33. Bxc5 bxc5 34. f4 Qe2 35. Qf3 Ng4 36. e4 Nf6 37. e5 Nd5 38. Qxe2 Rxe2 39. Nd3 Rd2 40. Nxc5 Nxf4 41. g3 Nh3+ 42. Kh1 Ng5 43. Rf1 Rd5 44. Rc1 Nf3 1/2-1/2

[Event "Olympiad-29"]
[Site "Novi Sad"]
[Date "1990.11.25"]
[Round "8"]
[White "Ginting, Nasib"]
[Black "O'Donnell, Tom"]
[Result "1-0"]
[WhiteElo "2385"]
[BlackElo "2415"]
[PlyCount "51"]
[GameId "1195622203445248"]
[EventDate "1990.11.17"]
[EventType "team-swiss"]
[EventRounds "14"]
[EventCountry "YUG"]
[SourceTitle "EXT 2019"]
[Source "ChessBase"]
[SourceDate "2018.10.10"]
[SourceVersion "1"]
[SourceVersionDate "2018.10.10"]
[SourceQuality "1"]
[WhiteTeam "Indonesia"]
[BlackTeam "Canada"]
[WhiteTeamCountry "INA"]
[BlackTeamCountry "CAN"]

1. d4 d5 2. c4 e6 3. Nf3 c6 4. Qc2 Be7 5. g3 Nf6 6. Bg2 O-O 7. O-O b6 8. b3 Bb7 9. Nc3 Na6 10. Rd1 Qc8 11. Bb2 dxc4 12. bxc4 c5 13. d5 Nb4 14. Qb3 exd5 15. Nxd5 Nfxd5 16. cxd5 Bxd5 17. Rxd5 Nxd5 18. Qxd5 Rd8 19. Qh5 c4 20. Ne5 g6 21. Nxg6 fxg6 22. Bd5+ Rxd5 23. Qxd5+ Kf8 24. Rc1 b5 25. Qxb5 Rb8 26. Qe5 1-0

[Event "Olympiad-29"]
[Site "Novi Sad"]
[Date "1990.11.27"]
[Round "10"]
[White "O'Donnell, Tom"]
[Black "Salazar Jacob, Hernan"]
[Result "1/2-1/2"]
[WhiteElo "2415"]
[BlackElo "2400"]
[PlyCount "126"]
[GameId "1195622206943232"]
[EventDate "1990.11.17"]
[EventType "team-swiss"]
[EventRounds "14"]
[EventCountry "YUG"]
[SourceTitle "EXT 2019"]
[Source "ChessBase"]
[SourceDate "2018.10.10"]
[SourceVersion "1"]
[SourceVersionDate "2018.10.10"]
[SourceQuality "1"]
[WhiteTeam "Canada"]
[BlackTeam "Chile"]
[WhiteTeamCountry "CAN"]
[BlackTeamCountry "CHI"]

1. e4 c5 2. c3 e6 3. d4 d5 4. exd5 exd5 5. Nf3 Nc6 6. Bb5 Bd6 7. dxc5 Bxc5 8. O-O Nge7 9. Nbd2 O-O 10. Nb3 Bb6 11. Re1 Bf5 12. Be3 Re8 13. Bd3 Bg6 14. Bxg6 hxg6 15. Qd3 Nf5 16. Bxb6 Rxe1+ 17. Rxe1 axb6 18. a3 Qd6 19. Qb5 Nce7 20. Nbd4 Nxd4 21. Nxd4 Kf8 22. Qd3 Rd8 23. Qf3 Qf6 24. Qh3 Kg8 25. Qe3 Kf8 26. h3 Nc8 27. Nf3 Qd6 28. Qd4 Ne7 29. Qh4 f6 30. Nd4 Kf7 31. Qg4 Nc6 32. Nb5 Qd7 33. Qf4 Ne5 34. Rxe5 Qxb5 35. Re1 Qc6 36. Qd2 Qc5 37. Rd1 Qb5 38. Qf4 Rd7 39. Rd2 Re7 40. Qd6 Re5 41. f4 Re1+ 42. Kh2 Rb1 43. b4 Rc1 44. a4 Qc6 45. Qxd5+ Qxd5 46. Rxd5 Rxc3 47. Rd7+ Kg8 48. Rxb7 Ra3 49. Rxb6 Rxa4 50. Rb8+ Kf7 51. Kg3 Ra3+ 52. Kf2 Rb3 53. b5 Ke6 54. b6 Kf5 55. g3 Ke4 56. Ke2 Rb2+ 57. Kd1 Kf3 58. Rb7 Kxg3 59. Rxg7 Rxb6 60. Rxg6+ Kxf4 61. h4 Kf5 62. Rg8 Rb4 63. Ke2 Rxh4 1/2-1/2

[Event "Olympiad-29"]
[Site "Novi Sad"]
[Date "1990.11.29"]
[Round "11"]
[White "O'Donnell, Tom"]
[Black "Gonzalez Rodriguez, Jorge Armando"]
[Result "0-1"]
[WhiteElo "2415"]
[BlackElo "2275"]
[PlyCount "110"]
[GameId "1195622208876544"]
[EventDate "1990.11.17"]
[EventType "team-swiss"]
[EventRounds "14"]
[EventCountry "YUG"]
[SourceTitle "EXT 2019"]
[Source "ChessBase"]
[SourceDate "2018.10.10"]
[SourceVersion "1"]
[SourceVersionDate "2018.10.10"]
[SourceQuality "1"]
[WhiteTeam "Canada"]
[BlackTeam "Colombia"]
[WhiteTeamCountry "CAN"]
[BlackTeamCountry "COL"]

1. e4 e6 2. d4 d5 3. Nd2 Nf6 4. e5 Ng8 5. f4 Qd7 6. c3 b6 7. Ngf3 c5 8. a4 Ba6 9. Bxa6 Nxa6 10. Qe2 Nc7 11. O-O Ne7 12. b4 c4 13. Nh4 Nf5 14. Ndf3 Be7 15. Qf2 h5 16. Nxf5 exf5 17. Ne1 a6 18. Nc2 g6 19. Be3 O-O-O 20. Qf3 Kb8 21. Bf2 Ne6 22. Ne3 h4 23. Rfd1 Nc7 24. a5 b5 25. g4 hxg3 26. hxg3 Ne6 27. Kg2 Kb7 28. Rh1 Rxh1 29. Rxh1 Bxb4 30. cxb4 Nxd4 31. Qd1 Nc6 32. Qf3 Nd4 33. Qd1 Ne6 34. Rh7 d4 35. Qf3+ Kb8 36. Nd1 Qb7 37. Qxb7+ Kxb7 38. Rxf7+ Kc6 39. Kf3 c3 40. Ne3 dxe3 41. Bxe3 c2 42. Rf6 Kd5 43. Rxg6 Rc8 44. Bc1 Nd4+ 45. Ke3 Rc3+ 46. Kf2 Rc6 47. Rg8 Nb3 48. Bb2 c1=Q 49. Bxc1 Nxc1 50. g4 Ke4 51. gxf5 Kxf5 52. Rf8+ Ke4 53. Kg3 Nd3 54. Kg4 Rg6+ 55. Kh5 Nxf4+ 0-1

[Event "Reno op"]
[Site "Reno"]
[Date "1991.??.??"]
[Round "?"]
[White "O'Donnell, Tom"]
[Black "Minev, Nikolay Nikolaev"]
[Result "1/2-1/2"]
[WhiteElo "2375"]
[BlackElo "2365"]
[PlyCount "97"]
[GameId "1166637017497600"]
[EventDate "1991.??.??"]
[EventType "swiss"]
[EventRounds "7"]
[EventCountry "USA"]
[SourceTitle "EXT 2000"]
[Source "ChessBase"]
[SourceDate "1999.11.18"]
[SourceVersion "1"]
[SourceVersionDate "1999.11.18"]
[SourceQuality "1"]

1. e4 c5 2. Nf3 Nc6 3. d4 cxd4 4. Nxd4 Nf6 5. Nc3 d6 6. Bg5 e6 7. Qd2 Be7 8. O-O-O O-O 9. Nb3 a6 10. Bxf6 Bxf6 11. Qxd6 Qb6 12. Qg3 a5 13. a4 Qb4 14. Bb5 Bxc3 15. Qxc3 Qxe4 16. Rhe1 Qf4+ 17. Qe3 Qc7 18. f4 Bd7 19. Rd2 Rfd8 20. Red1 Be8 21. g3 Rxd2 22. Rxd2 b6 23. Nd4 Nb4 24. Qe4 Rc8 25. Bxe8 Rxe8 26. Nb5 Qc5 27. Qd4 Qxd4 28. Rxd4 Rc8 29. c3 Nd5 30. Kd2 Kf8 31. c4 Nb4 32. Rd7 Ke8 33. Rb7 Rc6 34. Ra7 h5 35. b3 g6 36. Ke3 Kf8 37. h3 e5 38. fxe5 Re6 39. Kd4 Nc6+ 40. Kd5 Nxa7 41. Nxa7 Ke7 42. c5 bxc5 43. Nc6+ Kd7 44. Nxa5 Rb6 45. Kxc5 Kc7 46. b4 Ra6 47. Kb5 Rb6+ 48. Kc5 Ra6 49. Kb5 1/2-1/2

[Event "Olympiad-30"]
[Site "Manila"]
[Date "1992.06.12"]
[Round "5.3"]
[White "O'Donnell, Tom"]
[Black "Majed, Ali"]
[Result "1-0"]
[WhiteElo "2390"]
[BlackElo "2240"]
[PlyCount "93"]
[GameId "1166637517811712"]
[EventDate "1992.06.08"]
[EventType "team-swiss"]
[EventRounds "14"]
[EventCountry "PHI"]
[SourceTitle "TD"]
[Source "ChessBase"]
[SourceVersion "1"]
[SourceVersionDate "1994.03.01"]
[SourceQuality "1"]
[WhiteTeam "Canada"]
[BlackTeam "United Arab Emirates"]
[WhiteTeamCountry "CAN"]
[BlackTeamCountry "UAE"]

1. e4 c5 2. Nf3 Nc6 3. d4 cxd4 4. Nxd4 Nf6 5. Nc3 d6 6. Bg5 Qb6 7. Nb3 a6 8. Qd2 e6 9. O-O-O Bd7 10. f3 Ne5 11. h4 O-O-O 12. Be3 Qc7 13. Qf2 Re8 14. Bb6 Qb8 15. Na5 Nc6 16. Nc4 d5 17. exd5 exd5 18. Nxd5 Nxd5 19. Rxd5 Be6 20. Rd1 Qf4+ 21. Be3 Qc7 22. Kb1 Nb4 23. Bb6 Qc6 24. Qd4 Nd5 25. Bd3 Nxb6 26. Nxb6+ Kc7 27. Nc4 Rd8 28. Qf4+ Kc8 29. Bf5 Be7 30. Bxe6+ Qxe6 31. Rde1 Bd6 32. Nxd6+ Qxd6 33. Qxf7 Rd7 34. Qf5 g6 35. Qg4 Kb8 36. f4 Rc7 37. Rd1 Qc5 38. Rd2 Qe3 39. Rhd1 Qe4 40. Re2 Qa4 41. Qf3 Rhc8 42. Rdd2 Qb4 43. a3 Qb6 44. Qe3 Qb5 45. Qe5 Qa4 46. Re4 Qc6 47. Re3 1-0

[Event "Olympiad-30"]
[Site "Manila"]
[Date "1992.06.17"]
[Round "9.4"]
[White "Senador, Emmanuel"]
[Black "O'Donnell, Tom"]
[Result "1/2-1/2"]
[WhiteElo "2230"]
[BlackElo "2390"]
[PlyCount "104"]
[GameId "1166637521125376"]
[EventDate "1992.06.08"]
[EventType "team-swiss"]
[EventRounds "14"]
[EventCountry "PHI"]
[SourceTitle "TD"]
[Source "ChessBase"]
[SourceVersion "1"]
[SourceVersionDate "1994.03.01"]
[SourceQuality "1"]
[WhiteTeam "Philippines III"]
[BlackTeam "Canada"]
[WhiteTeamCountry "PHI"]
[BlackTeamCountry "CAN"]

1. e4 c5 2. d4 cxd4 3. c3 Nf6 4. e5 Nd5 5. Nf3 e6 6. Bc4 Nb6 7. Bb3 d3 8. Qxd3 d5 9. O-O Nc6 10. Nbd2 Nd7 11. Qe2 Be7 12. Re1 O-O 13. Nf1 f5 14. exf6 Nxf6 15. Ng3 Bd7 16. Bd2 Qc7 17. c4 Rae8 18. Bc3 Na5 19. Ne5 Bc5 20. Rad1 Nxb3 21. axb3 Qb6 22. Nd3 Bd6 23. Qc2 Ng4 24. Re2 Bxg3 25. hxg3 e5 26. Qd2 e4 27. Nf4 e3 28. fxe3 Qh6 29. Qxd5+ Rf7 30. Qh5 Qxh5 31. Nxh5 Nxe3 32. Rde1 Bg4 33. Rxe3 Rxe3 34. Rxe3 Bxh5 35. Re8+ Rf8 36. Re7 Rf7 37. Re8+ Rf8 38. Re5 Bg6 39. Re7 Rf7 40. Re8+ Rf8 41. Re5 Re8 42. Rc5 Kf7 43. Kf2 Be4 44. b4 Re6 45. b5 b6 46. Rc7+ Re7 47. Rc8 Re8 48. Rxe8 Kxe8 49. Ke3 Bxg2 50. Bxg7 Kd7 51. Be5 Kc8 52. Kd4 Kb7 1/2-1/2